000 00407nam a22001697a 4500
003 SGT
020 _a97881203452
082 _a614
_bI25R
100 _aRAO, P.S.S. SUNDAR
245 _aINTRODUCTION TO BIOSTATISTICS AND RESEARCH METHODS
250 _a5TH
260 _aINDIA
_bPHI PUB
_c2025
300 _a268
650 _aRESEARCH
653 _aBIOSTATISTICS AND RESEARCH METHODS
942 _2ddc
_cBK
999 _c33158
_d33158